000 00596nam a2200169Ia 4500
008 090711s9999 xx 000 0 und d
082 _b48132
100 _aखाडिलकर नीलकंठ य.
245 _aप्रॅक्टीकल सोशॅलिझम
260 _c1983
300 _a100
600 _aखाडिलकर नीलकंठ य.
630 _aप्रॅक्टीकल सोशॅलिझम
700 _aखाडिलकर नीलकंठ य.
730 _aप्रॅक्टीकल सोशॅलिझम
942 _cBOOK
999 _c293852
_d293852